000 00833nam a2200217Ia 4500
008 130821s2010 ck gr dspa
040 _aCo-BoUCM
_bspa
041 0 0 _aspa
100 1 _aMartínez Morales, Darío Ernesto
_9159040
245 1 0 _aWittgenstein filósofo y pensador de la religión
_cDarío Ernesto Martínez Morales.
260 _aBogotá (Colombia)
_bPontificia Universidad Javeriana
_c2010
300 _a47 páginas
490 0 _aExcerpta Dissertationis
504 _aIncluye referencias bibliográficas.
600 1 4 _aWittgenstein, Ludwig Josef Johann
_d1889-1951
_967575
650 0 4 _aFilosofía
_975
650 0 4 _aFilósofos
_vBiografías
_930990
710 1 _aPontificia Universidad Javeriana.
_bFacultad de Filosofía
_976183
942 _cLIBRO
_a2
_e1
_mM385w
_2DEWEY
_h192
999 _c36425
_d36425